Bytový dom

Gespeichert in:
Bibliographische Detailangaben
1. Verfasser: Bielik, Lukáš (Verfasst von)
Weitere Verfasser: Švolík, Milan (Betreuung Doktorarbeit)
Format: Manuskript Buch
Sprache:Slowakisch
Veröffentlicht: 2024
Schlagworte:
Online-Zugang:http://is.stuba.sk/zp/portal_zp.pl?podrobnosti=161669
https://opac.crzp.sk/?fn=detailBiblioForm&sid=E866CA411CD4E51497BF8669BB2C
Tags: Tag hinzufügen
Keine Tags, Fügen Sie das erste Tag hinzu!

MARC

LEADER 00000ntm a22000003a 4500
001 stuzp99456
003 SK-STU
005 20240909134534.0
007 ta
008 150427s2015----xo-----f-mn---000-0-slo-d
040 |a STU  |b slo 
041 0 |a slo 
100 1 |a Bielik, Lukáš  |u 010270  |4 aut  |U SvF Stavebná fakulta  |T SvF Katedra technológie stavieb  |X 109948  |U V270  |Y 28  |7 109948 
242 0 1 |a Residential House  |y eng 
245 1 0 |a Bytový dom 
260 |c 2024 
650 4 |a bytový dom s polyfunkciou  |2 slo 
650 4 |a technologický predpis  |2 slo 
650 4 |a základové studne  |2 slo 
650 4 |a projekt organizácie výstavby  |2 slo 
650 4 |a multifunctional residential building  |2 eng 
650 4 |a construction organization project  |2 eng 
650 4 |a technological specification  |2 eng 
650 4 |a foundation wells  |2 eng 
700 1 |a Švolík, Milan  |u 010270  |k Z3  |4 ths  |U SvF Stavebná fakulta  |T SvF Katedra technológie stavieb  |X 75539  |U V270  |Y 28  |7 75539 
856 4 |u http://is.stuba.sk/zp/portal_zp.pl?podrobnosti=161669 
856 4 |u https://opac.crzp.sk/?fn=detailBiblioForm&sid=E866CA411CD4E51497BF8669BB2C